000 00593nam a2200205Ia 4500
005 20250923145946.0
008 008 250917s9999 xx 000 0 eng d
037 _aTextual
040 _aDSWL
_beng
_cDSWL
041 _aeng
_2eng
084 _aY15-73(Q2):3, N89;1
_qDSWL
100 _aDhruvarajan, V.
_9840722
245 0 _aHindu women and the power of ideology
_c by V. Dhruvarajan
260 _aNew Delhi
_bVistaar Pubs.
_c1989
300 _a168p.
365 _aINR
_b175.00
925 _g175.00
942 _cTEXL
_hY15-73(Q2):3, N89;1
999 _c1457819
_d1457819